| 000 | 00716nam a2200193 i 4500 | ||
|---|---|---|---|
| 001 | bg | ||
| 245 | 0 | 0 |
_aMałe elektrownie wodne 2001 : _bbudowa i finansowanie, eksploatacja i ekologia : konferencja naukowo-techniczna [Kołobrzeg 17-18 maj 2001 r. / _cStowarzyszenie Elektryków Polskich. Oddział Koszaliński et al.]. |
| 260 |
_aKołobrzeg : _b[b.w.], _c2001. |
||
| 300 |
_a96 s. : _bfot. rys. ; _c24 cm. |
||
| 650 | 9 | _aElektrownie wodne | |
| 650 | 9 | _aOdnawialne źródła energii | |
| 655 | _aMateriały konferencyjne | ||
| 710 | 0 | _aStowarzyszenie Elektryków Polskich (Koszalin) | |
| 040 | _cBPK | ||
| 041 | 0 | _apol | |
| 080 | _a621.311.21(061) | ||
| 942 | _cKS | ||
| 008 | s pl f |000 0 pol | ||
| 999 |
_c51304 _d51304 |
||
| 856 |
_uhttp://koha.tu.koszalin.pl/cgi-bin/koha/opac-detail.pl?biblionumber=51304 _yKatalog online BPK |
||